Statistics for Spongebob Main Characters

Click here to take the quiz!

General Stats

  • This quiz has been taken 732 times
  • The average score is 6 of 8

Answer Stats

Answer % Correct
Spongebob
100%
Patrick
99%
Sandy
96%
Squidward
95%
Mr. Krabs
92%
Plankton
85%
Mrs. Puff
55%
Larry the Lobster
16%

Score Distribution

Percentile by Number Answered

Percent of People with Each Score

Your Score History

You have not taken this quiz